Điện tử công suất

Tallennettuna:
Bibliografiset tiedot
Päätekijät:  Châu, Minh Thuyên,  Điện tử công suất
Aineistotyyppi: Sách
Kieli:Undetermined
Julkaistu:  Đại học Công nghiệp TP. Hồ Chí Minh  2021
Aiheet:
Tagit: Lisää tagi
Ei tageja, Lisää ensimmäinen tagi!
Thư viện lưu trữ: Trung tâm Thư viện - Trường Đại học Công nghiệp TP. Hồ Chí Minh
LEADER 00546nam a2200157Ia 4500
001 UIH_08170
008 241002s9999 xx 000 0 und d
082 |a  621.317 
100 |a  Châu, Minh Thuyên 
100 |a  Điện tử công suất 
245 0 |a  Điện tử công suất 
260 |b  Đại học Công nghiệp TP. Hồ Chí Minh 
260 |c  2021 
650 |a Điện tử công suất 
927 |a Sách 
980 |a Trung tâm Thư viện - Trường Đại học Công nghiệp TP. Hồ Chí Minh